| 000 | 00874nam a22002297a 4500 | ||
|---|---|---|---|
| 999 |
_c18581 _d18581 |
||
| 003 | AR-CdUCM | ||
| 008 | 190411b ||||| |||| 00| 0 spa d | ||
| 040 |
_aMUNICIPALIDAD PROVINCIAL DEL CUSCO _cBIBLIOTECA MUNICIPAL DEL CUSCO |
||
| 082 |
_a901.85 / _bM58 |
||
| 100 |
_aMilla Villena, Carlos _931358 |
||
| 245 | _aGénesis de la cultura andina / | ||
| 260 |
_aLima : _bColección Bienal, _c1984. |
||
| 300 |
_a272 páginas ; _bIlustraciones, _c25 cm. |
||
| 505 | _aContenido: Planteamiento del problema -- La constelación de la cruz del sur -- Génesis de la cruz cuadrada -- El angulo intersolsticial ... | ||
| 650 |
_aCultura andina _95789 |
||
| 650 |
_aÉpoca Prehispánica _92714 |
||
| 650 |
_aAstronomía _920572 |
||
| 650 |
_aAstronomía indígena _931359 |
||
| 710 |
_aColegio de Arquitectos del Perú _931360 |
||
| 942 |
_2ddc _cLIBROS |
||
| 945 |
_aacv _d2019-05-14 |
||